|
|
|
|
| LEADER |
00000nab a2200000 a 4500 |
| 001 |
vtls000515879 |
| 003 |
SK-MaSNL |
| 005 |
20260304171308.0 |
| 008 |
250425c1993 xo 0 slo |
| 015 |
|
|
|a SNBRA19rr/mm-uuuuu
|
| 035 |
|
|
|a CL0516017
|
| 035 |
|
|
|a urn:nbn:sk:snk-ab98bn
|
| 035 |
|
|
|a (urnnbn)urn:nbn:sk:snk:ar-007am8
|
| 035 |
|
|
|a (uuid)8a6b8bf6-0a3d-4cdf-8308-da6d70317694
|
| 040 |
|
|
|a SNKBUCL
|b slo
|c SNKBUCL
|e AACR2
|
| 041 |
0 |
|
|a slo
|
| 044 |
|
|
|a xo
|c SK
|
| 080 |
|
|
|a 392.3(437.6)
|2 1981
|
| 080 |
|
|
|a 173.1(437.6)
|2 1981
|
| 080 |
|
|
|a 943.76
|2 1981
|
| 100 |
1 |
|
|a Botíková, Marta,
|d 1955-
|4 aut
|9 224412
|
| 245 |
1 |
0 |
|a Rodina na Slovensku
|c Marta Botíková
|
| 300 |
|
|
|b Lit. 7 zázn. v češ., nem., slov.
|
| 650 |
0 |
7 |
|a manželstvo
|2 snkbucl
|9 659
|
| 650 |
0 |
7 |
|a rodina
|2 snkbucl
|9 4138
|
| 655 |
|
7 |
|a články zo zborníkov
|2 snkbucl
|9 166140
|
| 773 |
0 |
|
|t Studia academica slovaca 22
|d Bratislava : STIMUL, 1993
|g S. 37-42
|z 8085697106
|
| 850 |
|
|
|a Slovenská národná knižnica
|
| 852 |
|
|
|a Slovenská národná knižnica
|
| 954 |
|
|
|a odborná, vedecká literatúra pôvodná (slovenská)
|2 lita
|
| 958 |
|
|
|a article13
|
| 958 |
|
|
|a NB
|
| 958 |
|
|
|a RK
|
| 958 |
|
|
|a OND
|
| 958 |
|
|
|a EUIPO
|
| 992 |
|
|
|a RZB
|
| 999 |
|
|
|c 2992620
|d 2994550
|